| 000 | 00382nam a2200145Ia 4500 | ||
|---|---|---|---|
| 003 | PILC | ||
| 008 | 220421s2000 xx 000 0 und d | ||
| 040 | _cEARIST LIBRARY | ||
| 100 |
_aFajardo, Jr.Max B _9361 |
||
| 245 | 0 | _aElectrical Lay out& Estimate / | |
| 260 |
_a5138 Merchandising, _b5138 Merchandising : _c2000. |
||
| 300 | _a340 pages; | ||
| 999 |
_c1669 _d1669 |
||
| 942 |
_2ddc _cBK |
||